| 000 | 00642 a2200205 4500 | ||
|---|---|---|---|
| 020 | _a0072320990 | ||
| 040 |
_aDLC _bDLC |
||
| 082 | 0 | 0 | _a621.3815 |
| 100 | 1 | _aJaeger, Richard C. | |
| 245 | 1 | 0 |
_aMicroelectronic circuit design _cRichard C. Jaeger, Travis N. Blalock. |
| 250 | _a2nd ed. | ||
| 260 |
_aNew Delhi : _bTata McGraw-Hill, _c2004. |
||
| 300 |
_axx, 943 p. : _bill. ; _c27 cm. |
||
| 500 | _aIncludes index. | ||
| 650 | 0 |
_aIntegrated circuits _xDesign and construction. |
|
| 650 | 0 |
_aSemiconductors _xDesign and construction. |
|
| 650 | 0 | _aElectronic circuit design. | |
| 700 | 1 | _aBlalock, Travis N. | |
| 942 |
_cBK _k621.3815 JAE _2ddc |
||
| 999 |
_c9815 _d9815 |
||